000 00557nam a2200229 a 4500
001 nice12345678
003 IN_TiNIC
005 20260116011907.0
008 070628s0000 boma grp 000 0 per
020 _a
_c100
082 0 0 _a297.82
_bNAS1
100 _aNasifi,
245 _aBahgiat-Ur-raid-f-sharh-il-aqaid
260 _aBombay
_bShethia Audio Vidio Pvt. Ltd.
_c0000
300 _a112p
500 _aincludes index and biblioraphy
650 _aShiah-Doctrines
700 1 _aNasifi,
902 _bRHR
942 _cBK
999 _c4765
_d4765